La inversión estatal en educación superior en Costa Rica: notas sobre su evolución, situación actual y perspectivas
Guardat en:
| Autor principal: | |
|---|---|
| Format: | Llibre |
| Idioma: | espanyol |
| Publicat: |
Heredia
Universidad Nacional
1996
|
| Matèries: | |
| Etiquetes: |
Afegir etiqueta
Sense etiquetes, Sigues el primer a etiquetar aquest registre!
|
MARC
| LEADER | 00000cam a2200000 a 4500 | ||
|---|---|---|---|
| 001 | UCG8976 | ||
| 003 | CL-VaPUC | ||
| 008 | 120120e19960000CR |||||||||||||||||spa|d | ||
| 020 | |a 9968140139 | ||
| 082 | 0 | 4 | |a 378.7286 |b MOR |2 21 |
| 100 | |a Mora Alfaro, Jorge |e autor |9 560293 | ||
| 245 | 1 | 3 | |a La inversión estatal en educación superior en Costa Rica: notas sobre su evolución, situación actual y perspectivas |
| 300 | |a 58 p | ||
| 942 | |c BK | ||
| 945 | |d 20120120 00:00:00 |a cmena | ||
| 260 | |a Heredia |b Universidad Nacional |c 1996 | ||
| 650 | 0 | |a Educación superior |9 223851 | |
| 650 | 0 | |a Universidad |9 257557 | |
| 650 | 0 | |a Estado y educación |9 311264 | |
| 650 | 7 | |a GESTION FINANCIERA |2 CL-VaPUC |9 560294 | |
| 651 | 0 | |a Costa Rica |9 225304 | |
| 583 | |a last modification |c 20120120 10:38:00 |k Rodrigo Vera | ||
| 999 | |c 346561 |d 346559 | ||
| 952 | |0 0 |1 0 |4 0 |6 378_728600000000000_MOR_1996 |7 0 |8 ED_SUP |9 447299 |a BIBGIM |b BIBGIM |c S_PSTGRDO |d 2019-11-22 |i 4835700 |o 378.7286 MOR 1996 |p 4835700 |r 2025-01-15 |w 2019-11-22 |y BK_X |k ESU | ||